Iconografía colombina (Record no. 182616)

MARC details
000 -LEADER
campo de control de longitud fija 00778nam a2200193 i 4500
001 - NÚMERO DE CONTROL
campo de control 182616
003 - IDENTIFICADOR DE NÚMERO DE CONTROL
campo de control ES-MaACL
005 - FECHA Y HORA DE LA ÚLTIMA TRANSACCIÓN
campo de control 20230906221648.0
008 - DATOS DE LONGITUD FIJA--INFORMACIÓN GENERAL
campo de control de longitud fija 131003s1892 sp |||| | spa d
080 ## - NÚMERO DE LA CLASIFICACIÓN DECIMAL UNIVERSAL
Número de la Clasificación Decimal Universal 929 Colón, Cristóbal (0:7)
080 ## - NÚMERO DE LA CLASIFICACIÓN DECIMAL UNIVERSAL
Número de la Clasificación Decimal Universal 7.04
245 00 - MENCIÓN DEL TÍTULO
Título Iconografía colombina
Resto del título : catálogo de las salas de Colón.
260 ## - PUBLICACIÓN, DISTRIBUCIÓN, ETC.
Lugar de publicación, distribución, etc. [S.l. :
Nombre del editor, distribuidor, etc. s.n.],
Fecha de publicación, distribución, etc. 1892 (
Lugar de fabricación/manufactura Madrid :
Fabricante Est. Tip. "Sucesores de Rivadeneyra")
300 ## - DESCRIPCIÓN FÍSICA
Extensión 29 p. ;
Dimensiones 25 cm.
530 ## - NOTA DISPONIBLE DE FORMULARIO FÍSICO ADICIONAL
Nota de formato físico adicional disponible Disponible en formato digital.
600 14 - PUNTO DE ACCESO ADICIONAL DE MATERIA--NOMBRE DE PERSONA
Nombre de persona Colón, Cristóbal-
Subdivisión general Iconografía.
9 (RLIN) 39873
852 ## - LOCALIZACIÓN
Ubicación ES-MaACL
Número de control de estantería T-948-F-7
Nota libre .- Donat. Ministerio de Fomento
856 ## - LOCALIZACIÓN Y ACCESO ELECTRÓNICOS
Identificador Uniforme de Recursos <a href="http://bibliotecadigitalhispanica.bne.es:80/webclient/DeliveryManager?pid=1884996&custom_att_2=simple_viewer">http://bibliotecadigitalhispanica.bne.es:80/webclient/DeliveryManager?pid=1884996&custom_att_2=simple_viewer</a>
Nota pública Biblioteca Digital Hispánica
Holdings
Estatus retirado Estado de pérdida Estado de daño No para préstamo Colección Biblioteca de origen Biblioteca actual Ubicación en estantería Fecha de adquisición Fuente de adquisición Total de préstamos Signatura topográfica completa Código de barras Visto por última vez Precio de reemplazo Tipo de ítem Koha
        Colección de folletos Biblioteca del Ateneo de Madrid Biblioteca del Ateneo de Madrid Depósito folletos 03/10/2013     T-948-F-7 1191916 23/02/2023 23/02/2023 Folleto